| Поле | Название | Значение |
| |
Тип записи |
c |
| |
Библиографический уровень |
m |
| 001 |
Контрольный номер |
RU/УОНБ/EK_N/585740547 |
| 005 |
Дата корректировки |
20250520122221.9 |
| 010 |
Индекс ISBN |
__ |
| 9 |
Тираж |
2000 экз. |
| 013 |
Номер (ISMN) |
__ |
| d |
Цена |
1 р. 30 к. |
| 071 |
Издательские номер (звукозапись и ноты) |
21 |
| a |
Номер, присвоенный агентством |
9050 |
| 100 |
Данные общей обработки |
__ |
| a |
Данные общей обработки |
20180724d1991 u y0rusy0189||||ca |
| 101 |
Язык документа |
0_ |
| a |
Язык текста |
rus |
| f |
Язык титульного листа |
rus |
| 102 |
Страна публикации |
__ |
| a |
Страна публикации |
RU |
| 105 |
Кодированные данные (монография) |
__ |
| a |
Кодированные данные (монография) |
y###||||000|y |
| 125 |
Кодированные данные звукозаписи и нотных изданий |
__ |
| a |
Форма изложения нотного текста |
m| |
| 128 |
Кодированные данные (звукозаписи-физические характеристики) |
__ |
| a |
Кодированные данные: Музыкальная форма и тональность или лад |
ccn |
| b |
Инструменты или голоса, необходимые для ансамблей (устаревшее) |
ct|| |
| 200 |
Заглавие и сведения об ответственности |
1_ |
| a |
Заглавие |
Люблю тебя, Россия! |
| b |
Общее обозначение материала |
Ноты |
| e |
Сведения, относящиеся к заглавию |
песни и хоры |
| e |
Сведения, относящиеся к заглавию |
для пения (соло, хор) без сопровожд. и в сопровожд. баяна |
| f |
Первые сведения об ответственности |
сост. Голиков В. П. |
| 210 |
Выходные данные |
1_ |
| a |
Место издания |
Москва |
| c |
Издательство |
Советский композитор |
| d |
Дата издания |
1991 |
| 215 |
Физическое описание |
__ |
| a |
Объем |
88 с. |
| d |
Формат |
29 см |
| 225 |
Серия |
0_ |
| a |
Серия |
Репертуар русских народных хоров |
| v |
Обозначение тома |
вып. 36 |
| 327 |
Примечание о содержании |
11 |
| a |
Примечание о содержании |
Содерж. : Львов-Компанеец Д. Славься наша Родина / сл. В. Викторорва. - Шелепнев А. О Родине моей / сл. Ю. Полухина. - Киселев А. Эти реки, поля и дубравы / сл. В. Татаринова. - Ушкарев А. Хлеб - всему голова / сл. Г. Георгиева. - Громов А. Слава хлеборобам / Л. Татаренко. - Как по реченьке яр хмель : рус. нар. песня / запись и обраб. А. Громова. - Наймушин Ю. В небе месяц засверкал / сл. В. Харитонова. - Зацарный Ю. Девичье сердце зовет / сл. Н. Грибачева. - Орловские припевки / запись и обраб. Ю. Зацарного. - Не кукуй, кукушечка : рус. нар. песня / обраб. М. Фирсова. - Лунин И. Солнце всходит над Окою / сл. А. Соболева. - Гранкин Г. Ожидание / сл. А. Шулаева. - Голиков В. Не шуми ты, рожь густая / сл. Г. Ладонщикова ; Звонкая гармошка / сл. Л. Куксо. - Заволокин Г. В Туле играет гармонь / сл. Б. Бартосевича и Г. Заволокина. - Далеко, далеко степь за Волгу ушла : рус. нар. песня / обраб. А. Широкова. - Широков А. Песенка про Филиппка / сл. А. Твардовского. - Блоха : шуточ. нар. песня / обраб. В. Ефимова ; сл. М. Мордасовой. - Северский Донец : рус. нар. песня / обраб. Н. Щипкова ; сл. В. Крындача. - Щипков Н. Не ходи же рядом, счастье / сл. Е. Драникова. - Обработки В. Позднеева : По широкой улице ; Страдания : две рус. нар. песни. - Обработки В. Егорова : Заболела Дунина головка ; Как по морю : рус. нар. песни. |
| 464 |
Аналитический уровень |
_0 |
| 1 |
|
2001 |
| a |
|
Славься наша Родина |
| e |
|
Родина любимая... |
| 1 |
|
700 1 |
| a |
|
Львов-Компанеец |
| b |
|
Д.1702 1 |
| a |
|
Викторов |
| b |
|
В. |
| 4 |
|
520 |
| 464 |
Аналитический уровень |
_0 |
| 1 |
|
2001 |
| a |
|
О Родине моей |
| e |
|
В просторном поле васильки... |
| 1 |
|
700 1 |
| a |
|
Шелепнев |
| b |
|
А. |
| 1 |
|
702 1 |
| a |
|
Полухин |
| b |
|
Ю. |
| 4 |
|
520 |
| 464 |
Аналитический уровень |
_0 |
| 1 |
|
2001 |
| a |
|
Эти реки, поля и дубравы |
| e |
|
Эти реки, поля и дубравы... |
| 1 |
|
700 1 |
| a |
|
Киселев |
| b |
|
А. |
| 1 |
|
702 1 |
| a |
|
Татаринов |
| b |
|
В. |
| 4 |
|
520 |
| 464 |
Аналитический уровень |
_0 |
| 1 |
|
2001 |
| a |
|
Хлеб - всему голова |
| e |
|
Широкое поле, звенящая высь... |
| 1 |
|
700 1 |
| a |
|
Ушкарев |
| b |
|
А. |
| 1 |
|
702 1 |
| a |
|
Георгиев |
| b |
|
Г. |
| 4 |
|
520 |
| 464 |
Аналитический уровень |
_0 |
| 1 |
|
2001 |
| a |
|
Слава хлеборобам |
| e |
|
Слава, слава хлеборобам!.. |
| 1 |
|
700 1 |
| a |
|
Громов |
| b |
|
А. |
| 1 |
|
702 1 |
| a |
|
Татаренко |
| b |
|
Л. |
| 4 |
|
520 |
| 464 |
Аналитический уровень |
_0 |
| 1 |
|
2001 |
| a |
|
Как по реченьке яр хмель |
| e |
|
Как по реченьке яр хмель... |
| e |
|
рус. нар. песня |
| 1 |
|
702 1 |
| a |
|
Громов |
| b |
|
А. |
| 4 |
|
030 |
| 464 |
Аналитический уровень |
_0 |
| 1 |
|
2001 |
| a |
|
В небе месяц засверкал |
| e |
|
В небе месяц засверкал... |
| 1 |
|
700 1 |
| a |
|
Наймушин |
| b |
|
Ю. |
| 1 |
|
702 1 |
| a |
|
Харитонов |
| b |
|
В. |
| 4 |
|
520 |
| 464 |
Аналитический уровень |
_0 |
| 1 |
|
2001 |
| a |
|
Девичье сердце зовет |
| e |
|
На заливах и реках ломается лед... |
| 1 |
|
700 1 |
| a |
|
Зацарный |
| b |
|
Ю. |
| 1 |
|
702 1 |
| a |
|
Грибачев |
| b |
|
Н. |
| 4 |
|
520 |
| 464 |
Аналитический уровень |
_0 |
| 1 |
|
2001 |
| a |
|
Орловские припевки |
| e |
|
Оё-ёй, да о-ё-ёй, вам знаком залётка мой... |
| 1 |
|
702 1 |
| a |
|
Зацарный |
| b |
|
Ю. |
| 4 |
|
030 |
| 464 |
Аналитический уровень |
_0 |
| 1 |
|
2001 |
| a |
|
Не кукуй, кукушечка |
| e |
|
И не кукуй, кукушечка... |
| e |
|
рус. нар. песня |
| 1 |
|
702 1 |
| a |
|
Фирсов |
| b |
|
М. |
| 4 |
|
520 |
| 464 |
Аналитический уровень |
_0 |
| 1 |
|
2001 |
| a |
|
Солнце всходит над Окою |
| e |
|
Солнце всходит над Окою... |
| 1 |
|
700 1 |
| a |
|
Лунин |
| b |
|
И. |
| 1 |
|
702 1 |
| a |
|
Соболев |
| b |
|
А. |
| 4 |
|
520 |
| 464 |
Аналитический уровень |
_0 |
| 1 |
|
2001 |
| a |
|
Ожидание |
| e |
|
От улицы шумной в стронке... |
| 1 |
|
700 1 |
| a |
|
Гранкин |
| b |
|
Г. |
| 1 |
|
702 1 |
| a |
|
Шулаев |
| b |
|
А. |
| 4 |
|
520 |
| 464 |
Аналитический уровень |
_0 |
| 1 |
|
2001 |
| a |
|
Не шуми ты, рожь густая |
| e |
|
Не шуми ты, рожь густая... |
| 1 |
|
700 1 |
| a |
|
Голиков |
| b |
|
В. |
| 1 |
|
702 1 |
| a |
|
Ладонщиков |
| b |
|
Г. |
| 4 |
|
520 |
| 464 |
Аналитический уровень |
_0 |
| 1 |
|
2001 |
| a |
|
В Туле играет гармонь |
| e |
|
Летят снега иль сыплет цвет черемуха... |
| 1 |
|
700 1 |
| a |
|
Заволокин |
| b |
|
Г. |
| 1 |
|
702 1 |
| a |
|
Бартосевич |
| b |
|
Б. |
| 4 |
|
520 |
| 1 |
|
702 1 |
| a |
|
Заволокин |
| b |
|
Г. |
| 4 |
|
520 |
| 464 |
Аналитический уровень |
_0 |
| 1 |
|
2001 |
| a |
|
Далеко, далеко степь за Волгу ушла |
| e |
|
Далеко, далеко степь за Волгу ушла... |
| e |
|
рус. нар. песня |
| 1 |
|
702 1 |
| a |
|
Широков |
| b |
|
А. |
| 4 |
|
030 |
| 464 |
Аналитический уровень |
_0 |
| 1 |
|
2001 |
| a |
|
Песенка про Филиппка |
| e |
|
Эту песню Филиппок... |
| 1 |
|
700 1 |
| a |
|
Широков |
| b |
|
А. |
| 1 |
|
702 1 |
| a |
|
Твардовский |
| b |
|
А. |
| 4 |
|
520 |
| 464 |
Аналитический уровень |
_0 |
| 1 |
|
2001 |
| a |
|
Блоха |
| e |
|
У-ты! Ну-ты. Эх-ха-ха! Как ты будешь жить блоха?.. |
| e |
|
шуточ. нар. песня |
| 1 |
|
702 1 |
| a |
|
Ефимов |
| b |
|
В. |
| 4 |
|
030 |
| 1 |
|
702 1 |
| a |
|
Мордасова |
| b |
|
М. |
| 4 |
|
520 |
| 464 |
Аналитический уровень |
_0 |
| 1 |
|
2001 |
| a |
|
Северский Донец |
| e |
|
Золотой закат на луга манит... |
| e |
|
рус. нар. песня |
| 1 |
|
702 1 |
| a |
|
Щипков |
| b |
|
Н. |
| 4 |
|
030 |
| 1 |
|
702 1 |
| a |
|
Крындач |
| b |
|
В. |
| 4 |
|
520 |
| 464 |
Аналитический уровень |
_0 |
| 1 |
|
2001 |
| a |
|
Не ходи же рядом, счастье |
| e |
|
Над рекою зорька всходит... |
| 1 |
|
700 1 |
| a |
|
Щипков |
| b |
|
Н. |
| 1 |
|
702 1 |
| a |
|
Драников |
| b |
|
Е. |
| 4 |
|
520 |
| 464 |
Аналитический уровень |
_0 |
| 1 |
|
2001 |
| a |
|
По широкой улице |
| e |
|
По улице, улице... |
| e |
|
рус. нар. песня |
| 1 |
|
702 1 |
| a |
|
Позднеев |
| b |
|
В. |
| 4 |
|
030 |
| 464 |
Аналитический уровень |
_0 |
| 1 |
|
2001 |
| a |
|
Заболела Дунина головка |
| e |
|
Заболела Дунина головка... |
| e |
|
рус. нар. песня |
| 1 |
|
702 1 |
| a |
|
Егоров |
| b |
|
В. |
| 4 |
|
030 |
| 464 |
Аналитический уровень |
_0 |
| 1 |
|
2001 |
| a |
|
Звонкая гармошка |
| e |
|
До чего ж сирень у нас душиста... |
| 1 |
|
700 1 |
| a |
|
Голиков |
| b |
|
В. |
| 1 |
|
702 1 |
| a |
|
Куксо |
| b |
|
Л. |
| 4 |
|
520 |
| 464 |
Аналитический уровень |
_0 |
| 1 |
|
2001 |
| a |
|
Страдания |
| e |
|
Подпой, Параня, страданьица... |
| e |
|
рус. нар. песня |
| 1 |
|
702 1 |
| a |
|
Позднеев |
| b |
|
В. |
| 4 |
|
030 |
| 464 |
Аналитический уровень |
_0 |
| 1 |
|
2001 |
| a |
|
Как по морю |
| e |
|
Как по морю, как по морю... |
| e |
|
рус. нар. песня |
| 1 |
|
702 1 |
| a |
|
Егоров |
| b |
|
В. |
| 4 |
|
030 |
| 512 |
Заглавие обложки |
1_ |
| a |
Заглавие обложки |
Люблю тебя, Россия! |
| 606 |
Тематические рубрики |
0_ |
| a |
Основная рубрика |
Песни советских композиторов |
| x |
Основная подрубрика |
Хоры народные |
| 610 |
Ключевые слова |
0_ |
| a |
Ключевые слова |
песни советских композиторов |
| 610 |
Ключевые слова |
0_ |
| a |
Ключевые слова |
народные хоры |
| 686 |
Индексы других классификаций |
__ |
| a |
Классификационный индекс |
85.941.2я43 |
| 2 |
Код системы |
rubbk |
| 702 |
Вторичная интеллектуальная ответственность |
_1 |
| a |
Фамилия |
Голиков |
| b |
Имя (инициалы) |
В. |
| 4 |
Код отношения |
220 |
| 801 |
Источник записи |
_0 |
| a |
Страна |
RU |
| b |
Организация |
Ульяновская ОНБ |
| c |
Дата составления |
20180724 |
| g |
Правила каталогизации |
RCR |
| 801 |
Источник записи |
_1 |
| a |
Страна |
RU |
| b |
Организация |
Ульяновская ОНБ |
| c |
Дата составления |
20180724 |
| g |
Правила каталогизации |
RCR |
| 901 |
Тип документа |
__ |
| t |
Тип документа |
m |
| 909 |
Создатель записи |
__ |
| a |
Создатель записи |
Никитина Т. А. |
| 938 |
Служебная информация |
__ |
| a |
Имя БД |
noti |
| b |
Имя библиотеки |
УОНБ |
| c |
Имя АИБС |
МАРК-SQL |
| d |
Номер DOC_ID в БД |
18750 |